| 000 | 00536nam a2200217 a 4500 | ||
|---|---|---|---|
| 001 | BRL_1588 | ||
| 005 | 20190320211257.0 | ||
| 008 | 190314s1995----mx-a######---#000-p#spa-# | ||
| 020 | _a9686387005 | ||
| 041 | _aspa | ||
| 044 | _amx | ||
| 050 | 4 |
_aPQ7297.C67 _b.A55 1995 |
|
| 100 | 1 |
_aCoronel Rivera, Juan _924001 |
|
| 245 | 1 | 0 |
_aAnimales domésticos _cJuan Coronel Rivera. |
| 260 |
_aMéxico _bEnvidia _c1995 |
||
| 300 |
_a68 p. _bil. _c18 cm. |
||
| 500 | _aAu2069 | ||
| 650 | 1 | 4 |
_aPoesía _917631 |
| 902 | _aGRL | ||
| 942 |
_2lcc _cB |
||
| 999 |
_c10397 _d10397 |
||